|
|
|
|
| LEADER |
00000nab a2200000 ar4500 |
| 001 |
vtls008305793 |
| 003 |
SK-MaSNL |
| 005 |
20260318124600.0 |
| 008 |
160405c20050908xo |||||| | 000 b|hun |
| 015 |
|
|
|a SNBRB2005/09
|2 snkbucl
|
| 038 |
|
|
|a SNKBUCL
|
| 040 |
|
|
|a DSZK
|b slo
|c DSZK
|e AACR2
|
| 041 |
0 |
|
|a hun
|
| 044 |
|
|
|a xo
|c SK
|
| 080 |
|
|
|a 75.071.1:061.4
|2 1997
|
| 080 |
|
|
|a 76.071.1:061.4
|2 1997
|
| 080 |
|
|
|a 069.02(=511.141)(437.6):008
|2 1997
|
| 100 |
1 |
|
|a Tallósi, Béla,
|d 1958-
|4 aut
|
| 245 |
1 |
0 |
|a Márványképek, festett gondolatok
|b szeptember végéig látható Szabó Ottó kiállítása Pozsonyban a Szlovákiai Magyar Kultúra Múzeumában
|c Tallósi Béla
|
| 300 |
|
|
|b Fotogr.
|
| 600 |
1 |
7 |
|a Szabó, Ottó,
|d 1965-
|x výstavy
|2 snkbucl
|9 1078576
|
| 610 |
2 |
7 |
|a Múzeum kultúry Maďarov na Slovensku
|2 snkbucl
|9 36107
|
| 648 |
|
7 |
|a 2005
|2 SNK
|9 305506
|
| 650 |
0 |
7 |
|a výstavy
|2 SNKPH
|9 2780
|
| 651 |
|
7 |
|a Bratislava (Slovensko)
|2 SNKPHgeo
|9 14568
|
| 773 |
0 |
|
|t Új szó
|g Évf. 58, sz. 208 (8.9.2005), o. 8
|
| 852 |
|
|
|a SNK
|b KIS3GCP
|
| 852 |
|
|
|a DSZK
|b KIS3GCP
|
| 958 |
|
|
|a HU
|
| 958 |
|
|
|a SK
|
| 999 |
|
|
|c 2556972
|d 2558902
|